| 000 | 00000nam##2200000za#4500 |
| 001 | 9.680169 |
| 003 | CaOODSP |
| 005 | 20200421163634 |
| 007 | ta |
| 008 | 150407|1997||||xxc||||| f|0| 0 fre|d |
| 020 | |a0-662-82189-0 |
| 040 | |aCaOODSP|bfre |
| 043 | |an-cn--- |
| 086 | 1 |aNH15-180/1997F |
| 110 | 2 |aSociété canadienne d'hypothèques et de logement. |
| 245 | 13|aLe radon: guide à l'usage des propriétaires canadiens |
| 260 | |aOttawa - Ontario : |bSociété canadienne d'hypothèques et de logement |c1997. |
| 300 | |a40p. : |bfigures ; |c22 cm. |
| 500 | |aSommaire: Introduction.--Mesure des teneurs en radon.--Réduction des teneurs en radon.--Comment transiger avec les entrepreneurs.--Questions et réponses.--Sources supplémentaires d'information. Données de catalogage avant publication (Canada) imprimées dans cette publication. N.B.: Le numéro de catalogue (NH15-180/1997E) et le numéro ISBN (0-662-25909-2) imprimés dans cette publication sont incorrects. |
| 563 | |aCouverture souple |
| 590 | |a98-02|b1998-01-09 |
| 691 | 07|aQualité de l'air|2gcpds |
| 691 | 07|aLogement|2gcpds |
| 775 | 08|tRadon: a guide for Canadian homeowners |w(CaOODSP)9.646646 |
| 776 | 0#|tLe radon |w(CaOODSP)9.640006 |